[Event "Oslo KM"]
[Site "Oslo"]
[Date "2020.01.13"]
[Round "1"]
[White "Haug, Kjell Martin"]
[Black "Linna, Lars"]
[Result "1-0"]
[WhiteElo "1731"]
[BlackElo "1556"]
[PlyCount "83"]
[EventDate "2020.01.13"]
[EventType "swiss"]
[EventRounds "5"]
[EventCountry "NOR"]
[SourceTitle "EXT 2024"]
[Source "ChessBase"]
[SourceDate "2023.10.10"]
[SourceVersion "1"]
[SourceVersionDate "2023.10.10"]
[SourceQuality "1"]

1. c4 e5 2. e4 d6 3. Nf3 g6 4. Be2 Bg7 5. d3 h6 6. h3 Nf6 7. Nc3 0-0 8. 0-0 Be6 9. a3 Nbd7 10. b4 c6 11. Bd2 Nh5 12. Qc1 Kh7 13. Nh2 Nhf6 14. Rb1 d5 15. f4 exf4 16. Bxf4 dxe4 17. dxe4 Ne8 18. Rd1 Qf6 19. Bd2 Ne5 20. Na4 b6 21. Bc3 Qe7 22. Nb2 Nd6 23. Nf3 Nxf3+ 24. Bxf3 Rac8 25. Bxg7 Kxg7 26. c5 Nb5 27. a4 Nc7 28. cxb6 axb6 29. Nc4 b5 30. Nb6 Rcd8 31. a5 Rxd1+ 32. Qxd1 Na6 33. Qc2 Qg5 34. Kh1 Nb8 35. Qc3+ Kg8 36. e5 Rd8 37. Rd1 Rxd1+ 38. Bxd1 Nd7 39. Nxd7 Bxd7 40. Bf3 Qf4 41. a6 Qg5 42. a7 1-0

[Event "Oslo Kampen CC-ch"]
[Site "Oslo"]
[Date "2019.01.??"]
[Round "3"]
[White "Hageland, Harald"]
[Black "Linna, Lars"]
[Result "1/2-1/2"]
[WhiteElo "1701"]
[BlackElo "1701"]
[PlyCount "79"]
[EventDate "2019.01.10"]
[EventType "swiss"]
[EventRounds "9"]
[EventCountry "NOR"]
[SourceTitle "EXT 2024"]
[Source "ChessBase"]
[SourceDate "2023.10.10"]
[SourceVersion "1"]
[SourceVersionDate "2023.10.10"]
[SourceQuality "1"]

1. c4 e5 2. Nc3 Nc6 3. d3 g6 4. g3 Bg7 5. Bg2 d6 6. e4 Nd4 7. Nge2 c5 8. 0-0 Ne7 9. h3 0-0 10. Nxd4 cxd4 11. Ne2 h6 12. Bd2 f5 13. Qc1 Kh7 14. Kh2 Rb8 15. b3 fxe4 16. Bxe4 Bf5 17. Bxf5 Nxf5 18. Rb1 Rc8 19. Qe1 d5 20. c5 e4 21. Nf4 Re8 22. b4 e3 23. Bc1 Be5 24. Ne2 Rf8 25. f4 Bg7 26. Bb2 b6 27. g4 Ne7 28. Bxd4 Bxd4 29. Nxd4 Qd7 30. cxb6 axb6 31. Qxe3 Rfe8 32. Qd2 Nc6 33. Nxc6 Qxc6 34. Rbc1 Qd6 35. Rxc8 Rxc8 36. a3 d4 37. Rc1 Re8 38. Re1 Rc8 39. Rc1 Re8 40. Re1 1/2-1/2

[Event "Oslo Kampen CC-ch"]
[Site "Oslo"]
[Date "2019.01.??"]
[Round "7"]
[White "Kortner, Henrik"]
[Black "Linna, Lars"]
[Result "1-0"]
[WhiteElo "1883"]
[BlackElo "1701"]
[PlyCount "113"]
[EventDate "2019.01.10"]
[EventType "swiss"]
[EventRounds "9"]
[EventCountry "NOR"]
[SourceTitle "EXT 2024"]
[Source "ChessBase"]
[SourceDate "2023.10.10"]
[SourceVersion "1"]
[SourceVersionDate "2023.10.10"]
[SourceQuality "1"]

1. e4 e5 2. f4 exf4 3. Nf3 g5 4. Nc3 Nc6 5. g3 g4 6. Nh4 f3 7. d4 Nge7 8. Bg5 d6 9. Qd2 Bg7 10. Nd5 Be6 11. Nf6+ Bxf6 12. Bxf6 Rg8 13. d5 Bd7 14. dxc6 bxc6 15. 0-0-0 Qc8 16. Bc4 Ng6 17. Qh6 Be6 18. Qxh7 Kd7 19. Bxe6+ Kxe6 20. Bc3 Nxh4 21. Qxh4 Rg6 22. h3 Qa6 23. a3 Rag8 24. hxg4 Rxg4 25. Qh5 Kd7 26. Qxf7+ Kc8 27. Qxf3 Rxg3 28. Qf5+ Kb7 29. Rh7 Rxc3 30. bxc3 Qxa3+ 31. Kd2 Rg2+ 32. Ke1 Qxc3+ 33. Kf1 Qxc2 34. Re1 Rd2 35. Qf3 Qc4+ 36. Re2 Rd1+ 37. Kf2 Qd4+ 38. Re3 Rd3 39. Rh3 Rd2+ 40. Ke1 Rb2 41. Rb3+ Rxb3 42. Qxb3+ Kc8 43. Qd3 Qg1+ 44. Kd2 Qg5+ 45. Kc2 Qg2+ 46. Kb1 Qg1+ 47. Ka2 Qf2+ 48. Ka3 Qc5+ 49. Ka2 Qb6 50. Rh8+ Kb7 51. Qb3 Qxb3+ 52. Kxb3 c5 53. Kc4 c6 54. Rh7+ Kb6 55. Rd7 d5+ 56. exd5 cxd5+ 57. Rxd5 1-0

[Event "Oslo Kampen Autumn"]
[Site "Oslo"]
[Date "2018.??.??"]
[Round "5"]
[White "Haug, Kjell Martin"]
[Black "Linna, Lars"]
[Result "1-0"]
[WhiteElo "1789"]
[BlackElo "1688"]
[PlyCount "63"]
[EventDate "2018.08.27"]
[EventType "swiss"]
[EventRounds "7"]
[EventCountry "NOR"]
[SourceTitle "EXT 2024"]
[Source "ChessBase"]
[SourceDate "2023.10.10"]
[SourceVersion "1"]
[SourceVersionDate "2023.10.10"]
[SourceQuality "1"]

1. d4 c6 2. e3 d6 3. Nf3 Bg4 4. Be2 Nf6 5. h3 Bh5 6. c4 Nbd7 7. Nc3 Qc7 8. b3 e5 9. Bb2 Be7 10. Rc1 Bg6 11. 0-0 0-0 12. Nh4 Rad8 13. Nxg6 hxg6 14. d5 Nc5 15. dxc6 bxc6 16. Qc2 a5 17. Rfd1 Rb8 18. Ba3 Ne6 19. Qd2 Rfd8 20. Qe1 Ng5 21. f3 e4 22. f4 Ne6 23. Qf2 Qa7 24. Kh1 d5 25. Bxe7 Qxe7 26. f5 Nf8 27. Qf4 Nh5 28. Bxh5 gxh5 29. cxd5 cxd5 30. Rxd5 Rxd5 31. Nxd5 Qb7 32. Qxe4 1-0

[Event "Oslo Kampen Autumn"]
[Site "Oslo"]
[Date "2018.??.??"]
[Round "3"]
[White "Kellman, Jukka MK"]
[Black "Linna, Lars"]
[Result "0-1"]
[WhiteElo "1415"]
[BlackElo "1688"]
[PlyCount "64"]
[EventDate "2018.08.27"]
[EventType "swiss"]
[EventRounds "7"]
[EventCountry "NOR"]
[SourceTitle "EXT 2024"]
[Source "ChessBase"]
[SourceDate "2023.10.10"]
[SourceVersion "1"]
[SourceVersionDate "2023.10.10"]
[SourceQuality "1"]

1. d4 d5 2. c4 c6 3. Nc3 Nf6 4. Nf3 e6 5. Bg5 Be7 6. e3 Nbd7 7. Bd3 b6 8. 0-0 Bb7 9. cxd5 Nxd5 10. Bxe7 Nxe7 11. Rc1 0-0 12. Bb1 Ng6 13. Qc2 c5 14. Ne5 Ndxe5 15. dxe5 Qg5 16. f4 Qh6 17. Ne4 Bxe4 18. Qxe4 Ne7 19. Rf3 g6 20. g4 Rad8 21. g5 Qh5 22. Bd3 Rxd3 23. Rcf1 Rd2 24. R3f2 Rxf2 25. Rxf2 Qd1+ 26. Kg2 Qd5 27. Qxd5 Nxd5 28. Kf3 Nb4 29. a3 Nd3 30. Rd2 Rd8 31. Ke4 c4 32. b3 Nc5+ 0-1

[Event "CFriend AC-2005-Q-00009 email"]
[Site "Chessfriend.com"]
[Date "2005.07.22"]
[Round "1"]
[White "Linna, Lars"]
[Black "Petrov, Milen"]
[Result "0-1"]
[WhiteElo "1170"]
[BlackElo "2229"]
[PlyCount "76"]
[EventDate "2005.??.??"]
[EventType "tourn (corr)"]
[EventRounds "6"]
[SourceTitle "Corr 2024"]
[Source "ChessBase"]
[SourceDate "2023.10.19"]
[SourceVersion "1"]
[SourceVersionDate "2023.10.19"]
[SourceQuality "1"]

1. e4 c5 2. Nf3 e6 3. d4 cxd4 4. Nxd4 a6 5. Nc3 b5 6. Bd3 Qb6 7. Nb3 Qc7 8. f4 d6 9. 0-0 Nd7 10. Be3 Ngf6 11. a3 Bb7 12. Qf3 Be7 13. Qg3 0-0 14. Rad1 Rac8 15. Qh3 e5 16. fxe5 dxe5 17. Kh1 Rfd8 18. Bg5 h6 19. Bd2 Nb6 20. Qg3 Kf8 21. Na5 Ba8 22. Qf3 Rb8 23. b4 Rd7 24. Rf2 Rbd8 25. Rdf1 Nc4 26. Bxc4 Rxd2 27. Nd5 Rxf2 28. Qxf2 Bxd5 29. Bxd5 Rd6 30. c4 bxc4 31. Bxc4 Bd8 32. Qe2 Qc8 33. Nb3 Qc6 34. h3 Bb6 35. Kh2 Qa4 36. Nc5 Qc6 37. Nxa6 Rd4 38. Bb3 Rxe4 0-1

[Event "CFriend AC-2005-Q-00009 email"]
[Site "Chessfriend.com"]
[Date "2005.07.22"]
[Round "1"]
[White "Makovsky, Petr"]
[Black "Linna, Lars"]
[Result "1-0"]
[WhiteElo "2457"]
[BlackElo "1170"]
[PlyCount "119"]
[EventDate "2005.??.??"]
[EventType "tourn (corr)"]
[EventRounds "6"]
[SourceTitle "Corr 2008"]
[Source "ChessBase"]
[SourceDate "2008.06.24"]
[SourceVersion "1"]
[SourceVersionDate "2008.06.24"]
[SourceQuality "1"]

1. d4 Nf6 2. c4 g6 3. Nc3 d5 4. cxd5 Nxd5 5. e4 Nxc3 6. bxc3 Bg7 7. Nf3 c5 8. Rb1 0-0 9. Be2 cxd4 10. cxd4 Qa5+ 11. Bd2 Qxa2 12. 0-0 Bg4 13. Bg5 h6 14. Be3 Nc6 15. d5 Bxf3 16. gxf3 Nd4 17. Bd3 a5 18. f4 b5 19. Bxd4 Bxd4 20. Bxb5 Bc5 21. f5 a4 22. e5 gxf5 23. Rc1 Rac8 24. Bd7 Qb2 25. Kh1 Qxe5 26. Rc4 Rcd8 27. Rg1+ Kh7 28. Qh5 Qxd5+ 29. Rg2 Qd2 30. Bxf5+ Kh8 31. Rxc5 Qd1+ 32. Qxd1 Rxd1+ 33. Rg1 Rxg1+ 34. Kxg1 Rg8+ 35. Kf1 Rg5 36. Rc8+ Kg7 37. Bd3 Ra5 38. Bc4 a3 39. Ba2 Kg6 40. Rg8+ Kf6 41. Rg4 e5 42. Kg2 Kf5 43. Kf3 f6 44. h3 h5 45. Rb4 Kg5 46. h4+ Kg6 47. Ke4 Ra6 48. f3 Ra8 49. Rc4 Rb8 50. Ra4 Rb2 51. Bd5 Rh2 52. Ke3 f5 53. Ra6+ Kg7 54. Be6 e4 55. f4 Rh3+ 56. Kd4 e3 57. Kd3 Rxh4 58. Kxe3 Rh3+ 59. Kd4 h4 60. Ke5 1-0

[Event "CFriend AC-2005-Q-00009 email"]
[Site "Chessfriend.com"]
[Date "2005.07.22"]
[Round "1"]
[White "Schwaiger, Michael"]
[Black "Linna, Lars"]
[Result "1-0"]
[WhiteElo "2314"]
[BlackElo "1170"]
[PlyCount "45"]
[EventDate "2005.??.??"]
[EventType "tourn (corr)"]
[EventRounds "6"]
[SourceTitle "Corr 2024"]
[Source "ChessBase"]
[SourceDate "2023.10.19"]
[SourceVersion "1"]
[SourceVersionDate "2023.10.19"]
[SourceQuality "1"]

1. d4 Nf6 2. c4 g6 3. Nc3 d5 4. Bf4 Bg7 5. e3 c5 6. dxc5 Qa5 7. Rc1 Ne4 8. cxd5 Nxc3 9. Qd2 Qxa2 10. bxc3 Qa5 11. Bc4 Nd7 12. Nf3 Qxc5 13. Ba2 0-0 14. 0-0 Nf6 15. c4 Ne4 16. Qc2 Qa3 17. Nd4 Nc5 18. Nb5 Qd3 19. f3 Qxc2 20. Rxc2 Bd7 21. Rd2 b6 22. e4 Rfd8 23. Bg5 1-0